[Event "Cambridge op"]
[Site "Cambridge"]
[Date "2023.02.18"]
[Round "7"]
[White "Moni, Claudio"]
[Black "Li, Reya"]
[Result "1/2-1/2"]
[WhiteElo "1562"]
[BlackElo "1474"]
[PlyCount "59"]
[EventDate "2023.02.15"]
[EventType "swiss"]
[EventRounds "9"]
[EventCountry "ENG"]
[SourceTitle "CBM 212 Extra"]
[Source "ChessBase"]
[SourceDate "2023.03.31"]
[SourceVersion "1"]
[SourceVersionDate "2023.03.31"]
[SourceQuality "1"]

1. Nf3 Nf6 2. g3 d5 3. Bg2 Bf5 4. 0-0 e6 5. d3 c6 6. c4 Nbd7 7. cxd5 exd5 8. Qb3 Qb6 9. Qc2 Bd6 10. Nc3 0-0 11. e4 dxe4 12. dxe4 Bg6 13. Nh4 Rfe8 14. Nxg6 hxg6 15. Be3 Qa5 16. h3 Bc5 17. Bd2 Qc7 18. Bf4 Bd6 19. Bxd6 Qxd6 20. Rad1 Qc5 21. a3 Nb6 22. b4 Qc4 23. Rc1 Rad8 24. Rfd1 Kf8 25. Bf1 Qe6 26. f3 Nh5 27. Kg2 Nc4 28. Bxc4 Qxc4 29. Qb2 Qe6 30. Ne2 1/2-1/2